Deadly Snakes of South Africa - Statistics

General Stats
  • This quiz has been taken 69 times
  • The average score is 4 of 14
Answer Stats
Hint Answer % Correct
2) The fastest snake in the world and the second-longest venomous snake in the world. Black Mamba
96%
5) Closely related to 2), but smaller and lives mainly in coastal forests in trees. Eastern Green Mamba
61%
9) The skin of this snake went missing in "Harry Potter and the Goblet of Fire". Boomslang
48%
6) Has the longest fangs of any snake in the world. Gaboon Viper
46%
10) Kills more people than any other snake in Africa. Puff Adder
41%
11) Within its range, this irritable cobra kills more people than 10). Cape Cobra
33%
8) Can spit its venom, named after a country. Mozambique Spitting Cobra
28%
4) Looks like a cobra, spits its venom, but isn't a true cobra. Rinkhals
26%
7) The largest cobra in Africa. Forest Cobra
22%
1) The only snake on this list known to have hunted humans for food. Southern African Rock Python
20%
13) Wrongly thought to lure birds to their death with its bright red tongue. Vine Snake
7%
3) The only completely aquatic snake on this list, found all the way to Australia. Yellow Bellied Sea Snake
7%
14) This desert dweller can spit its venom and is called a Zebra Snake in Namibia. Black Spitting Cobra
6%
12) Looks very similar to the snake that killed Cleopatra, but is now recognised as being a separate species. Snouted Cobra
6%
No matching quizzes found
Score Distribution
Percent of People with Each Score
Percentile by Number Answered
Your Score History
You have not taken this quiz